000 00439 a2200145 4500
082 _a320.973
090 _c3195
_d3195
100 _aMunro , William Bennett
245 _aThe Government of the United States
_hWilliam Bennett Munro
260 _aNew Delhi:
_bCosmo Publications,
_c 2007.
300 _aix, 794p. ;
_b ill. ;
_c23cm.
500 _a Includes Index
650 _aUnited States-- Government and politics
942 _cBK
_k320.973 MUN
999 _c7110
_d7110